Catálogo
 En Linea

Las quinquagenas de la nobleza de españa. (Registro nro. 34124)

Detalles MARC
000 -CABECERA
campo de control de longitud fija 00252nam a2200097 a 4500
005 - FECHA Y HORA DE LA ÚLTIMA TRANSACCIÓN
campo de control 20200930073816.0
008 - DATOS DE LONGITUD FIJA--INFORMACIÓN GENERAL
campo de control de longitud fija 111011s1880 000 spa d
040 ## - FUENTE DE LA CATALOGACIÓN
Centro catalogador/agencia de origen DO-SdBNP
245 #4 - MENCIÓN DE TÍTULO
Título Las quinquagenas de la nobleza de españa.
260 ## - PUBLICACIÓN, DISTRIBUCIÓN, ETC.
Lugar de publicación, distribución, etc. Madrid,
Fecha de publicación, distribución, etc. 1880.

No hay ítems disponibles.

Con tecnología Koha